1706 1245 1642 1528 1884 1681 1849 1966 1586 1755 1320 1296 1305 1561 1225 1908 1869 1231 1263 1636 1171 1385 1508 2000 1667 1767 1578 1867 1800 1182 1747 1957 1243 1125 1949 1654 1077 1139 1390 1679 1894 1043 1510 1355 1338 1334 1627 1701 1479 1377 1587 1547 1069 1249 1826 1516 1375 1191 1470 1193 1083 1894 1819 1581 1420 1726 1989 1670 1959 1516 1848 1504 1592 1106 1242 1871 1828 1035 1359 1944 1574 1785 1942 1620 1374 1686 1167 1443 1886 1822 1850 1452 1457 1323 1104 1594 1937 1241 1833 BCNSPRNW ULIB Ver.6.0+V

เปลี่ยนเป็นภาษาไทย

Change to English
 แสดงรายละเอียดบรรณานุกรม
  กลับหน้าหลัก

Brief Record : Get Marc (ISO 2709) : E-mail record : QR code < ปิดหน้าต่าง
LEADER : 00000nam 2200000uu 4500
001    13399122567
003     ULIB
008    130731s2548||||th 000 0 tha d
099  0 ^aวจ.WY18.2^bป533ก
100 0  ^aปัทมา แคนยุกต์
245 00 ^aการพัฒนาบทเรียนโปรแกรมเรื่อง ยาสลบ สำหรับนักศึกษาพยาบาลศาสตร์/^cปัทมา แคนยุกต์
250    ^aพิมพ์ครั้งที่ 1
260    ^aตรัง:^bวิทยาลัยพยาบาลบรมราชชนนี ตรัง,^c2547
300    ^a43 หน้า;^c29ซม.
650  0 ^aวิจัย
650  0 ^aการพัฒนาบทเรียนโปรแกรม^xวิจัย
650  0 ^aยา^xวิจัย
700 0  ^aดวงแข รักไทย
945    ^p0^l0^i20011
999    ^aทศพร เกษรทอง
รายการนี้ยังไม่มีแท็ก
คุณยังไม่ได้ล็อกอิน คุณสามารถมีกิจกรรมร่วมกับเว็บไซต์ได้ แต่ต้องล็อกอินก่อน ::
  ล็อกอิน

รายการสื่อสารสนเทศ

ลำดับที่ ประเภท เลขเรียก/บาร์โค้ด สถานที่ สถานะ
1. งานวิจัย
งานวิจัย
วจ.WY18.2 ป533ก ฉ.1 
  Barcode: 20011
ห้องสมุดวิทยาเขตสวรรค์ประชารักษ์
►วิจัย
บนชั้น

รายการใกล้เคียง
    ผู้แต่ง [ปัทมา แคนยุกต์]

    หัวเรื่อง [วิจัย]

BibComment


ยังไม่เคยถูกคอมเมนท์

คอมเมนท์ทรัพยากรรายการนี้
  คอมเมนท์: การพัฒนาบทเรียนโ..


 Copyright 2026. Bcnsprnw @Library